| 000 | 01440nam0a2200349 4500 | ||
|---|---|---|---|
| 001 | RU\NLR\BIBL_A\010729989 | ||
| 005 | 20250614092120.0 | ||
| 010 |
_a978-5-00045-216-5 _9100 |
||
| 021 |
_aRU _b2015-14707 _9895 |
||
| 035 | _a(NILC)RuMoRGB-007882487 | ||
| 035 | _a(NLR Aleph) 010729989 | ||
| 090 |
_a9860561 _c9860561 |
||
| 100 | _a20150415d2015 |||y0rusy50 ca | ||
| 101 | 0 | _arus | |
| 102 | _aRU | ||
| 105 | _ay|||z||||10yy | ||
| 200 | 1 |
_aЖивопись Ленинграда в период блокады _e70-летию Великой Победы посвящается _fР. А. Бахтияров |
|
| 210 |
_aСанкт-Петербург _cАстерион _d2015 |
||
| 215 |
_a169 с. _cил. _d21 |
||
| 320 | _aБиблиогр.: с. 159-169 (158 назв.) и в подстроч. примеч. | ||
| 601 | 0 | 2 |
_aЛенинградский союз художников _z1941 - 1945 _92228436 _3RU\NLR\AUTH\6601570343 |
| 606 | 1 |
_aЖивопись русская советская _yЛенинград, город _z1941 - 1945 _92228450 _3RU\NLR\AUTH\6601570349 |
|
| 686 | 1 | _aЩ103(2Р)7л5 | |
| 686 | 1 | _aЩ143(2Р=Рус)7-692Ленинград | |
| 700 | 1 |
_aБахтияров _bР. А. _gРуслан Анатольевич |
|
| 801 | 0 |
_aRU _bРГБ _c20150310 _gRCR |
|
| 801 | 1 |
_aRU _bРГБ _c20150310 _2rusmarc |
|
| 942 | _cBOOK | ||
| 980 | _aNBR | ||
| 980 | _aNB | ||